000 00396nam a2200145Ia 4500
008 151213s9999 xx 000 0 und d
100 _aThomas wiens
245 _aDesigning rules for demand driven rural Investment tents
_cThomas wiens
260 _aWashington D.C
_bWarld Bank
_c1998
300 _a2055 p.
650 _aFinance
650 _aFinance
700 _aThomas wiens
999 _c1509
_d1509